Statistics for ICC ODI Cricketer of the Year

Click here to take the quiz!

General Stats

  • This quiz has been taken 8 times
  • The average score is 8 of 18

Answer Stats

HintAnswer% Correct
2012Virat Kohli
100%
2018Virat Kohli
100%
2017Virat Kohli
100%
2019Rohit Sharma
88%
2022Babar Azam
38%
2021Babar Azam
38%
2013Kumar Sangakkara
38%
2011Kumar Sangakkara
38%
2006Michael Hussey
38%
2009MS Dhoni
38%
2008MS Dhoni
38%
2010AB de Villiers
25%
2014AB de Villiers
25%
2015AB de Villiers
25%
2004Andrew Flintoff
25%
2005Kevin Pietersen
13%
2007Matthew Hayden
13%
2016Quinton de Kock
13%

Score Distribution

Percentile by Number Answered

Percent of People with Each Score

Your Score History

You have not taken this quiz